[Event "Remote S7E Pro-177 email"]
[Site "Remote email"]
[Date "2014.02.28"]
[Round "?"]
[White "Traut, Gerhard"]
[Black "Schatz, Hans Dieter"]
[Result "1/2-1/2"]
[WhiteElo "2337"]
[BlackElo "2302"]
[PlyCount "124"]
[EventDate "2014.??.??"]
[EventType "tourn (corr)"]
[EventRounds "6"]
[EventCountry "GER"]
[SourceTitle "Corr 2015"]
[Source "ChessBase"]
[SourceDate "2015.07.17"]
[SourceVersion "1"]
[SourceVersionDate "2015.07.17"]
[SourceQuality "1"]

1. e4 e6 2. d4 d5 3. Nc3 Bb4 4. e5 c5 5. a3 Bxc3+ 6. bxc3 Ne7 7. Qg4 0-0 8. Bd3 f5 9. exf6 Rxf6 10. Bg5 Rf7 11. Qh5 g6 12. Qd1 Qa5 13. Bd2 Nbc6 14. Nf3 Qc7 15. 0-0 e5 16. Nxe5 Nxe5 17. dxe5 Qxe5 18. c4 Bf5 19. Re1 Qf6 20. Bf1 d4 21. Qc1 Nc6 22. Bg5 Qd6 23. Qd2 Qd7 24. Rad1 Rff8 25. c3 Rae8 26. cxd4 Nxd4 27. Bh6 b6 28. a4 Bg4 29. Rb1 Rd8 30. a5 Bf5 31. axb6 Bxb1 32. Rxb1 axb6 33. Qb2 Rf5 34. Qxb6 g5 35. h4 gxh4 36. Be3 Qd6 37. Qxd6 Rxd6 38. Rb2 Rd7 39. Kh1 Kg7 40. Bd3 Re5 41. Kh2 Nc6 42. Rb6 Rxd3 43. Rxc6 h5 44. Bxc5 Re1 45. Bb4 Rf1 46. Be7 Rxf2 47. Bxh4 Rc2 48. Rc7+ Kg6 49. Rc6+ Kf5 50. Rc5+ Kg4 51. Bf6 Rd6 52. Rg5+ Kf4 53. Be7 Rd7 54. Bf6 Rf7 55. Bd8 Rf5 56. Rg7 Ke4 57. Kg3 Rxc4 58. Bb6 Rb5 59. Bd8 Rd5 60. Bh4 Rd3+ 61. Kh2 Rc2 62. Rh7 Kf4 1/2-1/2

[Event "Remote S7E Pro-174 email"]
[Site "Remote email"]
[Date "2014.01.29"]
[Round "?"]
[White "Schatz, Hans Dieter"]
[Black "Galje, Hans"]
[Result "0-1"]
[WhiteElo "2302"]
[BlackElo "2356"]
[PlyCount "88"]
[EventDate "2014.??.??"]
[EventType "tourn (corr)"]
[EventRounds "6"]
[EventCountry "GER"]
[SourceTitle "Corr 2015"]
[Source "ChessBase"]
[SourceDate "2015.07.17"]
[SourceVersion "1"]
[SourceVersionDate "2015.07.17"]
[SourceQuality "1"]

1. e4 c5 2. Nf3 e6 3. d3 Nc6 4. g3 d5 5. Qe2 Nf6 6. Bg2 Be7 7. 0-0 0-0 8. e5 Nd7 9. c4 b5 10. cxb5 Na5 11. Qc2 a6 12. a4 Bb7 13. Na3 Qb8 14. Bf4 h6 15. h4 Rc8 16. Rfd1 c4 17. dxc4 Nxc4 18. Nxc4 Rxc4 19. Qxc4 dxc4 20. Rxd7 Bc5 21. Rad1 axb5 22. axb5 Be4 23. Nd2 Bxg2 24. Kxg2 Qxb5 25. Ne4 Qc6 26. f3 Bb4 27. R7d4 Qa4 28. Rc1 Qb3 29. Rdxc4 Ra2 30. Rc8+ Kh7 31. Rf1 Rxb2+ 32. Kh3 Qd3 33. Rcc1 Bc3 34. g4 Bd4 35. Rce1 Qc2 36. Bd2 Bxe5 37. Rf2 Qd3 38. Re3 Qd4 39. Ree2 f5 40. gxf5 exf5 41. Ng3 f4 42. Ne4 Qc4 43. Ng5+ hxg5 44. Rxe5 Qd3 0-1

[Event "Remote S7E Pro-172 email"]
[Site "Remote email"]
[Date "2013.12.08"]
[Round "?"]
[White "Schatz, Hans Dieter"]
[Black "Hansen, Marco"]
[Result "1-0"]
[WhiteElo "2331"]
[BlackElo "2273"]
[PlyCount "113"]
[EventDate "2013.??.??"]
[EventType "tourn (corr)"]
[EventRounds "6"]
[EventCountry "GER"]
[SourceTitle "Corr 2015"]
[Source "ChessBase"]
[SourceDate "2015.07.17"]
[SourceVersion "1"]
[SourceVersionDate "2015.07.17"]
[SourceQuality "1"]

1. e4 e6 2. d4 d5 3. Nd2 Bd7 4. Ngf3 h6 5. Bd3 Bc6 6. 0-0 Nf6 7. Re1 dxe4 8. Nxe4 Bd6 9. Qe2 0-0 10. Nxf6+ Qxf6 11. Ne5 Bxe5 12. dxe5 Qh4 13. b3 Rd8 14. Ba3 Nd7 15. Rad1 Rac8 16. g3 Qh3 17. f4 Nb8 18. Rd2 Rd7 19. f5 Rcd8 20. Rf1 a6 21. Rf2 Kh8 22. Bb4 Kg8 23. fxe6 Qxe6 24. Bf5 Rxd2 25. Bxe6 Rd1+ 26. Rf1 Rxf1+ 27. Kxf1 fxe6 28. Qg4 Re8 29. Qg6 b6 30. Bd2 Re7 31. Bxh6 Be8 32. Qg4 Nd7 33. Bf4 Nf8 34. Kf2 Bc6 35. Ke3 Rd7 36. h4 a5 37. h5 a4 38. Bg5 axb3 39. axb3 Rf7 40. h6 Rf3+ 41. Kd2 Rf7 42. Bf6 Bf3 43. Qxf3 gxf6 44. Qh5 Rd7+ 45. Kc3 f5 46. Kb4 Kh8 47. Qe8 Kg8 48. Kb5 Rh7 49. Qh5 Kh8 50. c4 Re7 51. Qg5 Rf7 52. Qd8 Kg8 53. Kc6 Rh7 54. b4 Rf7 55. b5 f4 56. gxf4 Kh7 57. Qxc7 1-0

[Event "Remote S7E Adv-137 email"]
[Site "Remote email"]
[Date "2013.11.11"]
[Round "?"]
[White "Schatz, Hans Dieter"]
[Black "Wittig, Frank"]
[Result "1/2-1/2"]
[WhiteElo "2331"]
[BlackElo "2338"]
[PlyCount "50"]
[EventDate "2013.??.??"]
[EventType "tourn (corr)"]
[EventRounds "6"]
[EventCountry "GER"]
[SourceTitle "Corr 2015"]
[Source "ChessBase"]
[SourceDate "2015.07.17"]
[SourceVersion "1"]
[SourceVersionDate "2015.07.17"]
[SourceQuality "1"]

1. d4 d5 2. Nf3 Nc6 3. Bf4 Bf5 4. c3 Nf6 5. e3 e6 6. Nbd2 Bd6 7. Bb5 0-0 8. Bxc6 bxc6 9. Ne5 Bxe5 10. Bxe5 Rb8 11. b4 Ne8 12. 0-0 f6 13. Bg3 Nd6 14. Re1 Qd7 15. f3 Bd3 16. Nb3 Bc4 17. Qc2 Qc8 18. e4 dxe4 19. fxe4 Rf7 20. Na5 Qa6 21. Nxc4 Qxc4 22. Qb3 Re8 23. e5 fxe5 24. Rxe5 Qd3 25. Rd1 Qg6 1/2-1/2

[Event "Remote S7E Adv-132 email"]
[Site "Remote email"]
[Date "2013.04.27"]
[Round "?"]
[White "Schatz, Hans Dieter"]
[Black "Hahner, Anton"]
[Result "1-0"]
[WhiteElo "2276"]
[BlackElo "2131"]
[PlyCount "89"]
[EventDate "2013.??.??"]
[EventType "tourn (corr)"]
[EventRounds "6"]
[EventCountry "GER"]
[SourceTitle "Corr 2015"]
[Source "ChessBase"]
[SourceDate "2015.07.17"]
[SourceVersion "1"]
[SourceVersionDate "2015.07.17"]
[SourceQuality "1"]

1. e4 e6 2. d4 d5 3. e5 c5 4. c3 Nc6 5. Nf3 Qb6 6. Be2 cxd4 7. cxd4 Nge7 8. Na3 Nf5 9. Nc2 Bd7 10. b3 Rc8 11. 0-0 Be7 12. Bb2 0-0 13. g4 Nh4 14. Nxh4 Bxh4 15. f4 Be7 16. Kg2 Rc7 17. Bd3 Rfc8 18. f5 Nb4 19. Nxb4 Bxb4 20. f6 g6 21. Qe2 a6 22. a4 Qa5 23. h4 Bc3 24. Rf2 Bb4 25. h5 Be8 26. Qe3 Rd7 27. Rh1 Rc6 28. Qh3 Qc7 29. g5 Kf8 30. Rh2 Kg8 31. Kg1 Kh8 32. Be2 Bc3 33. hxg6 fxg6 34. f7 Rxf7 35. Bxc3 Rxf2 36. Rxf2 Qe7 37. Qe3 Kg8 38. Qd2 Qa3 39. Kh2 Bf7 40. Qf4 Qf8 41. Bb4 Qe8 42. Bc5 Rc8 43. a5 Rc7 44. b4 Rd7 45. Bd1 1-0

[Event "Remote S7E Pro email"]
[Site "Remote email"]
[Date "2013.03.30"]
[Round "?"]
[White "Schatz, Hans Dieter"]
[Black "Traut, Gerhard"]
[Result "0-1"]
[WhiteElo "2308"]
[BlackElo "2270"]
[PlyCount "100"]
[EventDate "2013.??.??"]
[EventType "tourn (corr)"]
[EventRounds "6"]
[EventCountry "GER"]
[SourceTitle "Corr 2015"]
[Source "ChessBase"]
[SourceDate "2015.07.17"]
[SourceVersion "1"]
[SourceVersionDate "2015.07.17"]
[SourceQuality "1"]

1. e4 c5 2. Nf3 Nc6 3. Bb5 e6 4. 0-0 Nge7 5. c3 a6 6. Ba4 b5 7. Bc2 Bb7 8. d3 d5 9. Ng5 h6 10. Qh5 g6 11. Qh4 d4 12. Nf3 Bg7 13. a4 dxc3 14. Nxc3 b4 15. Nd1 Na5 16. Ne3 Nec6 17. Qg3 Qb8 18. Rb1 Qxg3 19. hxg3 Rd8 20. b3 Bc3 21. Nd1 Nd4 22. Nxd4 Bxd4 23. Ne3 Nc6 24. Nc4 a5 25. Kh2 Ba6 26. g4 Ke7 27. Kh3 g5 28. g3 Bxc4 29. dxc4 f6 30. Kg2 h5 31. gxh5 Rxh5 32. Bd2 Rdh8 33. Rh1 Rxh1 34. Rxh1 Rxh1 35. Kxh1 Bxf2 36. Kg2 Bd4 37. Bd1 Kd6 38. Bc2 Ke5 39. Kf1 Ba1 40. Be3 Nd4 41. Bxd4+ Kxd4 42. Ke2 Kc3 43. Bd1 f5 44. exf5 exf5 45. Ke3 Bb2 46. Ke2 Bc1 47. Ke1 g4 48. Ke2 Bh6 49. Ke1 Bg7 50. Ke2 Be5 0-1

[Event "Remote S7E Adv-131 email"]
[Site "Remote email"]
[Date "2013.03.22"]
[Round "?"]
[White "Semmler, Josef"]
[Black "Schatz, Hans Dieter"]
[Result "0-1"]
[WhiteElo "2048"]
[BlackElo "2276"]
[PlyCount "66"]
[EventDate "2013.??.??"]
[EventType "tourn (corr)"]
[EventRounds "6"]
[EventCountry "GER"]
[SourceTitle "Corr 2015"]
[Source "ChessBase"]
[SourceDate "2015.07.17"]
[SourceVersion "1"]
[SourceVersionDate "2015.07.17"]
[SourceQuality "1"]

1. d4 d5 2. c4 dxc4 3. Nf3 c5 4. Nc3 Nf6 5. d5 e6 6. e4 a6 7. Bxc4 b5 8. e5 bxc4 9. exf6 gxf6 10. 0-0 Bb7 11. Re1 Be7 12. Nh4 Rg8 13. Qh5 Bxd5 14. Qxh7 Rg4 15. Qh8+ Bf8 16. Bh6 Nd7 17. Bxf8 Nxf8 18. Rad1 Rd4 19. Nf5 Bc6 20. Nxd4 cxd4 21. Qh4 Ng6 22. Qxd4 Qxd4 23. Rxd4 Ne5 24. Re2 Nd7 25. Rxc4 Bb5 26. Nxb5 axb5 27. Rb4 Rxa2 28. h4 f5 29. Rxb5 Kf8 30. f3 Nf6 31. Kf2 Kg7 32. Rb7 Kg6 33. b4 Ra4 0-1

[Event "Remote S7E Adv-130 email"]
[Site "Remote email"]
[Date "2013.02.22"]
[Round "?"]
[White "Leisebein, Peter"]
[Black "Schatz, Hans Dieter"]
[Result "1/2-1/2"]
[WhiteElo "2445"]
[BlackElo "2275"]
[PlyCount "80"]
[EventDate "2013.??.??"]
[EventType "tourn (corr)"]
[EventRounds "6"]
[EventCountry "GER"]
[SourceTitle "Corr 2015"]
[Source "ChessBase"]
[SourceDate "2015.07.17"]
[SourceVersion "1"]
[SourceVersionDate "2015.07.17"]
[SourceQuality "1"]

1. d4 e6 2. e4 d5 3. Nc3 Bb4 4. e5 c5 5. a3 Bxc3+ 6. bxc3 Ne7 7. Qg4 0-0 8. Bd3 f5 9. exf6 Rxf6 10. Bg5 Rf7 11. Nf3 Nbc6 12. Qh4 h6 13. 0-0 Rxf3 14. Bxe7 Qxe7 15. Qxe7 Nxe7 16. gxf3 c4 17. Be2 Bd7 18. a4 b6 19. a5 b5 20. Kh1 a6 21. Rae1 Rf8 22. Rg1 Rf6 23. Rg3 Be8 24. f4 Bg6 25. Bg4 Kf7 26. Rge3 Bf5 27. h3 g6 28. Rc1 h5 29. Bd1 Nc6 30. Kg2 Ke7 31. Kg3 Rf8 32. Bg4 hxg4 33. hxg4 Bxc2 34. Rxc2 Kd7 35. Rc1 b4 36. Rd1 Nxa5 37. cxb4 Nc6 38. f3 Nxb4 39. Ra3 Rc8 40. Rb1 c3 1/2-1/2

[Event "Remote S7E Adv-130 email"]
[Site "Remote email"]
[Date "2013.02.22"]
[Round "?"]
[White "Schatz, Hans Dieter"]
[Black "Hahner, Anton"]
[Result "1/2-1/2"]
[WhiteElo "2275"]
[BlackElo "2189"]
[PlyCount "53"]
[EventDate "2013.??.??"]
[EventType "tourn (corr)"]
[EventRounds "6"]
[EventCountry "GER"]
[SourceTitle "Corr 2015"]
[Source "ChessBase"]
[SourceDate "2015.07.17"]
[SourceVersion "1"]
[SourceVersionDate "2015.07.17"]
[SourceQuality "1"]

1. e4 e6 2. d4 d5 3. Nc3 Nf6 4. Bg5 Be7 5. e5 Nfd7 6. Bxe7 Qxe7 7. Qh5 a6 8. f4 c5 9. Nf3 Nc6 10. 0-0-0 Nxd4 11. Nxd4 cxd4 12. Rxd4 b5 13. Be2 b4 14. Nd1 Qc5 15. Rd3 a5 16. Rg3 g6 17. Qf3 Ba6 18. Bxa6 Rxa6 19. Qf2 Rc6 20. Qxc5 Rxc5 21. Nf2 0-0 22. Re1 Rfc8 23. Re2 Kg7 24. Rd3 Rc4 25. g3 Nc5 26. Rde3 Na6 27. Rd2 1/2-1/2

[Event "Remote S7E Adv-130 email"]
[Site "Remote email"]
[Date "2013.02.22"]
[Round "?"]
[White "Vehlow, Burkhard"]
[Black "Schatz, Hans Dieter"]
[Result "1/2-1/2"]
[WhiteElo "2249"]
[BlackElo "2275"]
[PlyCount "37"]
[EventDate "2013.??.??"]
[EventType "tourn (corr)"]
[EventRounds "6"]
[EventCountry "GER"]
[SourceTitle "Corr 2015"]
[Source "ChessBase"]
[SourceDate "2015.07.17"]
[SourceVersion "1"]
[SourceVersionDate "2015.07.17"]
[SourceQuality "1"]

1. Nf3 e6 2. c4 Nf6 3. Nc3 d5 4. d4 c6 5. e3 Nbd7 6. Qc2 Bd6 7. Bd3 0-0 8. 0-0 dxc4 9. Bxc4 b5 10. Bd3 Bb7 11. a3 Rc8 12. Rd1 c5 13. Nxb5 Bxf3 14. gxf3 cxd4 15. Qe2 Ne5 16. Nxa7 Rxc1 17. Raxc1 Qa8 18. f4 Nf3+ 19. Kh1 1/2-1/2

[Event "Remote S7E Adv email"]
[Site "Remote email"]
[Date "2012.09.07"]
[Round "?"]
[White "Leisebein, Peter"]
[Black "Schatz, Hans Dieter"]
[Result "1-0"]
[WhiteElo "2449"]
[BlackElo "2276"]
[PlyCount "99"]
[EventDate "2012.??.??"]
[EventType "tourn (corr)"]
[EventRounds "6"]
[EventCountry "GER"]
[SourceTitle "Corr 2015"]
[Source "ChessBase"]
[SourceDate "2015.07.17"]
[SourceVersion "1"]
[SourceVersionDate "2015.07.17"]
[SourceQuality "1"]

1. d4 d6 2. e4 Nf6 3. Nc3 c6 4. Nf3 Bg4 5. h3 Bh5 6. Bd3 e6 7. g4 Bg6 8. g5 Nfd7 9. Bf4 Be7 10. h4 Bh5 11. Be2 d5 12. Nd2 Bxe2 13. Qxe2 Qb6 14. Qd3 Na6 15. 0-0-0 Rc8 16. a3 0-0 17. h5 f5 18. exd5 cxd5 19. Rde1 Rfe8 20. g6 h6 21. Nxd5 exd5 22. Qxf5 Qxd4 23. Bxh6 Nac5 24. Qf7+ Kh8 25. Rh3 Ne4 26. Nxe4 dxe4 27. Rd1 Bg5+ 28. Bxg5 Qc5 29. Kb1 Qxc2+ 30. Ka2 Ne5 31. Qd5 Rc5 32. Qd4 Nd3 33. h6 Qc4+ 34. Qxc4 Rxc4 35. Rg1 Kg8 36. hxg7 Kxg7 37. Bh6+ Kg8 38. Be3 Ne5 39. Rh7 Rc6 40. Rxb7 Nf3 41. Rh1 Rxg6 42. Rxa7 Rd8 43. a4 Ne5 44. Rh4 Ng4 45. Bb6 Rd2 46. a5 Nf6 47. Be3 Rd3 48. a6 Ng4 49. Ra8+ Kg7 50. Rxg4 1-0

[Event "Remote S7E Adv email"]
[Site "Remote email"]
[Date "2012.09.07"]
[Round "?"]
[White "Milde, Lars"]
[Black "Schatz, Hans Dieter"]
[Result "1/2-1/2"]
[WhiteElo "2267"]
[BlackElo "2276"]
[PlyCount "111"]
[EventDate "2012.??.??"]
[EventType "tourn (corr)"]
[EventRounds "6"]
[EventCountry "GER"]
[SourceTitle "Corr 2015"]
[Source "ChessBase"]
[SourceDate "2015.07.17"]
[SourceVersion "1"]
[SourceVersionDate "2015.07.17"]
[SourceQuality "1"]

1. e4 e6 2. d4 d5 3. Nd2 Nf6 4. e5 Nfd7 5. Bd3 c5 6. c3 Nc6 7. Ne2 cxd4 8. cxd4 f6 9. exf6 Nxf6 10. 0-0 Bd6 11. Nf3 0-0 12. Bf4 Nh5 13. Bxd6 Qxd6 14. Qc2 h6 15. Bh7+ Kh8 16. Nh4 Rf6 17. g3 g5 18. Ng6+ Kxh7 19. Ngf4+ Rf5 20. Nxh5 Kh8 21. f4 g4 22. h3 gxh3 23. g4 Rf7 24. Rf3 Bd7 25. Qg6 Qf8 26. Rxh3 Ne7 27. Qd3 e5 28. f5 Nxf5 29. dxe5 Qc5+ 30. Kh1 d4 31. Nef4 Ne3 32. Nf6 Nxg4 33. Nxg4 Qc6+ 34. Kh2 Rxf4 35. Rxh6+ Qxh6+ 36. Nxh6 Rh4+ 37. Kg1 Rxh6 38. Rf1 Rg8+ 39. Kf2 Rh2+ 40. Ke1 Rc8 41. Rf2 Rh1+ 42. Kd2 Bg4 43. Qb3 a5 44. e6 Rd1+ 45. Qxd1 Bxd1 46. Kxd1 Re8 47. Rf7 b6 48. e7 Kg8 49. Rf6 Rxe7 50. Rxb6 Kf7 51. Kd2 Re5 52. Rd6 Rb5 53. Kc2 Rb4 54. a3 Rb8 55. Rxd4 Ke6 56. b4 1/2-1/2

[Event "Remote S7E Adv-127 email"]
[Site "Remote email"]
[Date "2012.08.10"]
[Round "?"]
[White "Schatz, Hans Dieter"]
[Black "Leisebein, Peter"]
[Result "0-1"]
[WhiteElo "2275"]
[BlackElo "2335"]
[PlyCount "84"]
[EventDate "2012.??.??"]
[EventType "tourn (corr)"]
[EventRounds "6"]
[EventCountry "GER"]
[SourceTitle "Corr 2015"]
[Source "ChessBase"]
[SourceDate "2015.07.17"]
[SourceVersion "1"]
[SourceVersionDate "2015.07.17"]
[SourceQuality "1"]

1. e4 e5 2. Nf3 Nc6 3. Nc3 Nf6 4. g3 d5 5. exd5 Nxd5 6. Bg2 Bc5 7. 0-0 0-0 8. Re1 Nf6 9. d3 h6 10. h3 Re8 11. a3 a5 12. g4 a4 13. g5 hxg5 14. Bxg5 Ra6 15. Bh4 Nd4 16. Ne4 Be7 17. Bg3 Nd7 18. Nxe5 Nxe5 19. Bxe5 Rg6 20. Ng3 Be6 21. c3 Bb3 22. Qh5 Nc2 23. d4 Bd6 24. Be4 Rh6 25. Qg4 Bxe5 26. dxe5 Rh4 27. Qe2 Nxa1 28. Rxa1 c6 29. Re1 Rxh3 30. Bg2 Rh6 31. Nf5 Rg6 32. f4 Bd5 33. Ne3 Bxg2 34. Nxg2 Qh4 35. Qf2 Qg4 36. Qd2 Qh3 37. Re2 b5 38. Qd4 Rg4 39. Qf2 Re6 40. f5 Rh6 41. Kf1 Rg5 42. Ke1 Qd3 0-1